[Event "Santiago de Chile op"]
[Site "Santiago de Chile"]
[Date "2011.09.14"]
[Round "4"]
[White "Farfan Ortiz, Enrique Alfredo"]
[Black "Diaz, Robert"]
[Result "1-0"]
[WhiteElo "2276"]
[BlackElo "2306"]
[PlyCount "84"]
[EventDate "2011.09.07"]
[EventType "swiss"]
[EventRounds "9"]
[EventCountry "CHI"]
[SourceTitle "EXT 2012"]
[Source "ChessBase"]
[SourceDate "2011.11.24"]
[SourceVersion "1"]
[SourceVersionDate "2011.11.24"]
[SourceQuality "1"]

1. Nf3 Nf6 2. d4 g6 3. c4 Bg7 4. Nc3 0-0 5. g3 d6 6. Bg2 Nbd7 7. 0-0 e5 8. e4 c6 9. h3 Re8 10. Re1 exd4 11. Nxd4 a5 12. Bf4 Ne5 13. b3 Nfd7 14. Re2 Nc5 15. Be3 f5 16. exf5 gxf5 17. Rd2 Qe7 18. Nde2 Nf7 19. Bd4 Be5 20. f4 Bxd4+ 21. Rxd4 Bd7 22. Qc2 Qd8 23. Rad1 Qb6 24. Kh2 Qb4 25. R4d2 Re3 26. Bd5 Rae8 27. Bxf7+ Kxf7 28. Rxd6 Bc8 29. R6d2 Be6 30. g4 Na6 31. g5 Nc5 32. Rd8 Re7 33. R1d2 a4 34. Qb2 Qb6 35. Nd5 Rxe2+ 36. Rxe2 Qxd8 37. Qf6+ Ke8 38. Nxe7 Qxe7 39. Qh8+ Kd7 40. Rd2+ Kc7 41. Qe5+ Kb6 42. b4 Ne4 1-0

[Event "Santiago de Chile op"]
[Site "Santiago de Chile"]
[Date "2011.09.12"]
[Round "3"]
[White "Vargas Maliqueo, Ivan Patricio"]
[Black "Farfan Ortiz, Enrique Alfredo"]
[Result "0-1"]
[WhiteElo "2195"]
[BlackElo "2276"]
[PlyCount "64"]
[EventDate "2011.09.07"]
[EventType "swiss"]
[EventRounds "9"]
[EventCountry "CHI"]
[SourceTitle "EXT 2012"]
[Source "ChessBase"]
[SourceDate "2011.11.24"]
[SourceVersion "1"]
[SourceVersionDate "2011.11.24"]
[SourceQuality "1"]

1. d4 Nf6 2. c4 e6 3. Nf3 b6 4. g3 Ba6 5. b3 Bb4+ 6. Bd2 Be7 7. Bg2 c6 8. 0-0 d5 9. Ne5 Nfd7 10. Nxd7 Nxd7 11. Bc3 Rc8 12. Nd2 0-0 13. Re1 f5 14. e3 Nf6 15. Rc1 Ne4 16. Nxe4 fxe4 17. Bh3 Rf6 18. cxd5 cxd5 19. Qd2 Qd6 20. Bf1 Bxf1 21. Rxf1 Rcf8 22. Qe2 Qd7 23. a4 Bd6 24. Rc2 Rf3 25. Qb5 Qf7 26. Be1 h5 27. Rc6 Qe7 28. a5 h4 29. axb6 hxg3 30. bxa7 g2 31. Kxg2 Qg5+ 32. Kh1 Qh5 0-1

[Event "CHI-chT"]
[Site "Chile"]
[Date "2010.12.07"]
[Round "8"]
[White "Gonzalez Vassallo, Juan Francisco"]
[Black "Farfan Ortiz, Enrique Alfredo"]
[Result "0-1"]
[WhiteElo "1966"]
[BlackElo "2138"]
[PlyCount "98"]
[EventDate "2010.10.19"]
[EventType "team"]
[EventRounds "9"]
[EventCountry "CHI"]
[SourceTitle "EXT 2012"]
[Source "ChessBase"]
[SourceDate "2011.11.24"]
[SourceVersion "1"]
[SourceVersionDate "2011.11.24"]
[SourceQuality "1"]

1. c4 c5 2. g3 Nc6 3. Bg2 g6 4. Nc3 Bg7 5. a3 e6 6. e4 Nge7 7. d3 a6 8. Nge2 Rb8 9. Rb1 0-0 10. b4 d6 11. 0-0 b6 12. b5 axb5 13. Nxb5 d5 14. Bf4 Be5 15. exd5 exd5 16. Bxe5 Nxe5 17. cxd5 Bf5 18. Rb3 Nxd5 19. d4 c4 20. dxe5 cxb3 21. Bxd5 b2 22. Ba2 Qe8 23. Ned4 Qxe5 24. Qb3 Bh3 25. Nf3 Qf6 26. Nbd4 Bxf1 27. Kxf1 Rbd8 28. Qxb2 Rxd4 29. Qxd4 Qxf3 30. Bd5 Qf5 31. Kg2 Qd7 32. Qc4 Rd8 33. Bf3 Qd4 34. Qb5 Qc5 35. Qb2 Rd4 36. Qe2 Qxa3 37. Qe8+ Qf8 38. Qb5 Qd8 39. h3 Rd2 40. Qe5 Qd4 41. Qe1 b5 42. Qe8+ Kg7 43. Be2 b4 44. Qb5 Qd5+ 45. Qxd5 Rxd5 46. Kf3 b3 47. Ke4 Rd2 48. Bc4 b2 49. Ba2 Rd1 0-1

[Event "Santiago Endesa Classification"]
[Site "Santiago de Chile"]
[Date "2010.10.13"]
[Round "3"]
[White "Farfan Ortiz, Enrique Alfredo"]
[Black "Bombardiere Rosas, Eduardo"]
[Result "1-0"]
[WhiteElo "2138"]
[BlackElo "2199"]
[PlyCount "139"]
[EventDate "2010.10.06"]
[EventType "swiss"]
[EventRounds "9"]
[EventCountry "CHI"]
[SourceTitle "EXT 2012"]
[Source "ChessBase"]
[SourceDate "2011.11.24"]
[SourceVersion "1"]
[SourceVersionDate "2011.11.24"]
[SourceQuality "1"]

1. e4 c6 2. d4 d5 3. e5 Bf5 4. Nc3 e6 5. g4 Bg6 6. Nge2 Be7 7. Be3 Bg5 8. Nf4 Nd7 9. Qd2 Bxf4 10. Bxf4 h5 11. 0-0-0 hxg4 12. Be2 f5 13. exf6 Ngxf6 14. Bd6 Ne4 15. Nxe4 Bxe4 16. Rhg1 Nf6 17. Be5 Qe7 18. Bxg4 Nxg4 19. Rxg4 Rh7 20. Rdg1 g6 21. Bf4 Bf5 22. Rg5 Kf7 23. Qe3 Rah8 24. Be5 Rg8 25. Qf4 Qd8 26. h4 Qa5 27. Kb1 Qd8 28. Bc7 Rxh4 29. Qxh4 Qxc7 30. Qg3 Qxg3 31. R5xg3 Rh8 32. Kc1 Rh2 33. R3g2 Rh4 34. c3 b6 35. f3 c5 36. Rd2 Rh3 37. Rf2 Rh4 38. f4 Rh3 39. Rgg2 cxd4 40. cxd4 Rd3 41. Rd2 Rf3 42. Rgf2 Rg3 43. b3 Be4 44. Rh2 Kg7 45. Kb2 a5 46. a4 Rf3 47. Rdf2 Rd3 48. Rd2 Rf3 49. Rhf2 Rg3 50. Rd1 Kf6 51. Rc1 Rd3 52. Rc6 Rxd4 53. Rxb6 Rd3 54. Ra6 d4 55. Rxa5 Re3 56. Re5 g5 57. Rxg5 Bf5 58. Rgg2 Ke7 59. Rd2 d3 60. Kc3 Kd6 61. b4 Kd5 62. Rg8 Ke4 63. a5 Kxf4 64. a6 Be4 65. a7 e5 66. a8Q Bxa8 67. Rxa8 e4 68. Re8 Rg3 69. b5 Ke3 70. Rxd3+ 1-0